| 000 | 01015nam a22003137a 4500 | ||
|---|---|---|---|
| 001 | 12457 | ||
| 003 | DO-SdBNP | ||
| 005 | 20171110093123.0 | ||
| 007 | 12457 | ||
| 008 | 160919b 2uu ck |||| |||| 00| 0 spa d | ||
| 020 | _a9789586774468 | ||
| 040 |
_aBPMSU _bspa _cBPMSU |
||
| 082 | 4 |
_a613.04244 _bM953a |
|
| 245 | 0 | 0 |
_aMujer actual : _bsalud y belleza / _ceditor Francisco De Elorza Ajamil ; colaboradores Rosa Ordóñez, Michael Hernández, Óscar Palacio |
| 260 |
_aColombia : _bZamora _c[200?] |
||
| 300 |
_a298 p. : _bil. ; _c29 cm. |
||
| 650 | 4 | _aSALUD DE LA MUJER | |
| 650 | 4 | _aBELLEZA PERSONAL | |
| 650 | 4 | _aEJERCICIO PARA MUJERES | |
| 650 | 4 | _aBELLEZA PERSONAL | |
| 700 | 1 | 2 |
_a De Elorza Ajamil, Francisco _eeditor |
| 700 | 1 | 2 |
_aOrdóñez, Rosa _ecol. |
| 700 | 1 | 2 |
_a Hernández, Michael _ecol. |
| 700 |
_aPalacio, Óscar _ecolaborador |
||
| 910 | _aValidado. Control de calidad MFF | ||
| 942 |
_2ddc _cBK |
||
| 945 | _aInventariado, 2017/MFF | ||
| 956 |
_aVMATEO _b10 _c20160919 _dBPMSU _f00069 |
||
| 999 |
_c11459 _d11459 |
||